Les 20 Meilleurs Passeurs Décisifs du PSG - Statistiques

Statistiques générales
  • Ce quiz a été pris 3 483 fois
    3 122 depuis la dernière actualisation
  • Le résultat moyen est 8 sur 20
Statistiques - réponses
Hint Réponse % Correct
88 en 260 matchs (depuis 2017) Kylian Mbappé
95%
112 en 295 matchs (2015-2022) Angel Di Maria
88%
35 en 301 matchs (2013-2020) Edinson Cavani
82%
56 en 416 matchs (depuis 2012) Marco Verratti
78%
53 en 180 matchs (2012-2016) Zlatan Ibrahimovic
69%
34 en 75 matchs (2021-2023) Lionel Messi
66%
28 en 295 matchs (2011-2017) Blaise Matuidi
60%
56 en 269 matchs (2011-2018) Javier Pastore
57%
30 en 215 matchs (1993-1998) Rai
41%
45 en 229 matchs (2013-2018) Lucas Moura
37%
35 en 198 matchs (depuis 2017) Julian Draxler
30%
34 en 112 matchs (2010-2013) Nenê
30%
69 en 173 matchs (depuis 2017) Neymar Jr
30%
95 en 344 matchs (1982-1991) Safet Susic
17%
26 en 110 matchs (2011-2014) Jérémy Ménez
15%
52 en 180 matchs (2004-2009) Jérôme Rothen
15%
42 en 254 matchs (1980-1987) Dominique Rocheteau
11%
40 en 153 matchs (1991-1995) Valdo
7%
80 en 310 matchs (1974-1984) Mustapha Dahleb
6%
39 en 344 matchs (1991-1998) Paul Le Guen
5%
Aucun quiz correspondant
Distribution des résultats
% des personnes avec chaque résultat
Percentile par nombre de réponses
Votre historique - résultats
Vous n’avez pas pris ce quiz depuis la dernière actualisation